00663cam a2200181 a 4500020001500000040000800015082002600023100002500049245008100074250001200155260004600167300003400213650003500247650002800282856005500310856006200365856005400427 a0697298876 cDLC00a371 WCB 1997 A016 Or.1 aPoole, Bernard John.10aEducation for an information age :bteaching in the computerized classroom / a2nd ed. aBoston, Mass. :bWCB/McGraw Hill,cc1997. axiv, 446 p. :bill. ;c24 cm. 0aComputer-assisted instruction. 0aEducational technology.42uhttp://www.loc.gov/catdir/bios/mh042/97012936.html42uhttp://www.loc.gov/catdir/description/mh022/97012936.html41uhttp://www.loc.gov/catdir/toc/mh022/97012936.html